| 000 -CABECERA |
| Longitud fija campo de control |
00750nam a2200217 a 4500 |
| 001 - NÚMERO DE CONTROL |
| Número de control |
3557 |
| 003 - IDENTIFICADOR DEL NÚMERO DE CONTROL |
| Identificador del número de control |
CDMR |
| 005 - FECHA Y HORA DE LA ÚLTIMA TRANSACCIÓN |
| Fecha y hora de la última transacción |
20151030104202.0 |
| 008 - CÓDIGOS DE INFORMACIÓN DE LONGITUD FIJA |
| Códigos de información de longitud fija |
130130s1971||||||||||||||||||||||||||||d |
| 040 ## - FUENTE DE LA CATALOGACIÓN |
| Centro catalogador de origen |
CDMR |
| Lengua de catalogación |
cat |
| Centro transcriptor |
CDMR |
| 100 1# - PUNTO DE ACCESO PRINCIPAL-NOMBRE DE PERSONA |
| Nombre de persona |
Watzlawick, Paul |
| 9 (RLIN) |
2544 |
| 245 10 - MENCIÓN DE TÍTULO |
| Título |
Teoría de la comunicación humana |
| Resto del título |
: interacciones, patologías y paradojas |
| Mención de responsabilidad, etc. |
Paul Watzlawick, Janet Helmick Beavin, Don D. Jackson |
| 260 ## - PUBLICACIÓN, DISTRIBUCIÓN, ETC. (PIE DE IMPRENTA) |
| Lugar de publicación, distribución, etc. |
Buenos Aires |
| Fecha de publicación, distribución, etc. |
1971 |
| Nombre del editor, distribuidor, etc. |
Tiempo Contemporáneo |
| 300 ## - DESCRIPCIÓN FÍSICA |
| Extensión |
258 p. |
| 490 0# - MENCIÓN DE SERIE |
| Mención de serie |
Biblioteca de Ciencias Sociales. |
| -- |
Análisis y perspectivas |
| 650 04 - PUNTO DE ACCESO ADICIONAL DE MATERIA - TÉRMINO DE MATERIA |
| 9 (RLIN) |
2367 |
| Término de materia o nombre geográfico como elemento inicial |
Comunicació |
| Subdivisión de materia general |
Aspectes psicològics |
| 650 04 - PUNTO DE ACCESO ADICIONAL DE MATERIA - TÉRMINO DE MATERIA |
| 9 (RLIN) |
388 |
| Término de materia o nombre geográfico como elemento inicial |
Comunicació humana |
| 700 1# - PUNTO DE ACCESO ADICIONAL - NOMBRE DE PERSONA |
| 9 (RLIN) |
4474 |
| Nombre de persona |
Beavin, Janet Helmick |
| 700 1# - PUNTO DE ACCESO ADICIONAL - NOMBRE DE PERSONA |
| 9 (RLIN) |
4475 |
| Nombre de persona |
Jackson, Don D. |
| 942 ## - ENTRADA DE ELEMENTOS AGREGADOS (KOHA) |
| Koha [por defecto] tipo de item |
Monografies |
| Fuente de clasificaión o esquema |
|